| 000 | 01488nam a2200373Ia 4500 | ||
|---|---|---|---|
| 001 | ebr10171518 | ||
| 003 | CaPaEBR | ||
| 006 | m u | ||
| 007 | cr cn||||||||| | ||
| 008 | 060721s2007 nyua sb 001 0 eng d | ||
| 010 | _z 2006050670 | ||
| 020 | _z0230603130 | ||
| 020 | _z1403977879 (alk. paper) | ||
| 020 | _z9781403977878 | ||
| 040 |
_aCaPaEBR _cCaPaEBR |
||
| 035 | _a(OCoLC)560496309 | ||
| 050 | 1 | 4 |
_aJQ1499.A58 _bI34 2007eb |
| 245 | 0 | 0 |
_aIdentity and change in East Asian conflicts _h[electronic resource] : _bthe cases of China, Taiwan, and the Koreas / _cedited by Shale Horowitz, Uk Heo, Alexander C. Tan. |
| 250 | _a1st ed. | ||
| 260 |
_aNew York : _bPalgrave Macmillan, _c2007. |
||
| 300 |
_axii, 243 p. : _bill. |
||
| 504 | _aIncludes bibliographical references and index. | ||
| 533 |
_aElectronic reproduction. _bPalo Alto, Calif. : _cebrary, _d2009. _nAvailable via World Wide Web. _nAccess may be limited to ebrary affiliated libraries. |
||
| 650 | 0 |
_aConflict management _zEast Asia. |
|
| 650 | 0 |
_aNational security _zEast Asia. |
|
| 651 | 0 |
_aEast Asia _xPolitics and government _y21st century. |
|
| 651 | 0 |
_aEast Asia _xForeign relations. |
|
| 655 | 7 |
_aElectronic books. _2local |
|
| 700 | 1 | _aHorowitz, Shale Asher. | |
| 700 | 1 |
_aHeo, Uk, _d1962- |
|
| 700 | 1 | _aTan, Alexander C. | |
| 710 | 2 | _aebrary, Inc. | |
| 856 | 4 | 0 |
_uhttp://site.ebrary.com/lib/rucke/Doc?id=10171518 _zAn electronic book accessible through the World Wide Web; click to view |
| 999 |
_c138526 _d138526 |
||